Music Quiz

Random Music or Song Quiz
Score 0/12 Timer 01:30
89 Plays Today
% Correct
When I See an Elephant Fly
96.8%
Do You Want to Build a Snowman?
96.7%
Love Is an Open Door
96.6%
Everybody Wants to Be a Cat
96.5%
Colors of the Wind
95.9%
Kiss the Girl
95.3%
I Won't Say (I'm In Love)
95%
Circle of Life
94.8%
Under the Sea
94.1%
Be Our Guest
92.5%
Zero to Hero
90.3%
I Just Can't Wait to Be King
89.1%

You're not logged in!

Compare scores with friends on all Sporcle quizzes.
OR
Log In

Sporcle TV

Today on Sporcle TV


Watch our educational content, quiz creation guides, and fun videos on Sporcle TV.

Show Comments

Extras

Top Quizzes Today


Score Distribution

Your Account Isn't Verified!

In order to create a playlist on Sporcle, you need to verify the email address you used during registration. Go to your Sporcle Settings to finish the process.

Report this User

Report this user for behavior that violates our Community Guidelines.

Details: